000 00937nam a22002657a 4500
005 20091016105617.0
008 091016t xxu||||| |||| 00| 0 eng d
010 _aENG-95136
020 _a9780070672796
_c350.00
020 _a0070672792
_c350.00
035 _aEN-78669
037 _bDBAD/PUB
040 _aDPL
082 _a621.3822
100 _aPoornachandra , S.
245 _aDigital signal processing /
_cby S. Poornachandra [and] B. Sasikala
250 _a3rd ed.
260 _aNew Delhi
_bTata McGraw Hill Education
_c2010
270 _a7, West Petel Nagar
_bNew Delhi
_e110008
300 _aVarious pagings
_c23cm.(Pbk)
_e+ CD
500 _aIncludes index
700 _aSasikala B.
942 _2ddc
_cEN
_mPOO
_h621.3822
999 _c30952
_d30952